000 00569nam a2200181Ia 4500
008 100921s9999 xx 000 0 und d
082 _b17533
_a294.54 0
100 _aपट्टणकर भास्कर शंकर.
245 _aविराट वामन.
260 _b---
_c0
300 _a44
_b---
365 _b0
520 _aधर्म- धार्मिक जीवन.
630 _aविराट वामन.
650 _aधर्म- धार्मिक जीवन.
730 _aविराट वामन.
942 _cBOOK
999 _c766646
_d766643